| 000 | 00000cas 2200000za 4500 |
| 001 | 9.839442 |
| 003 | CaOODSP |
| 005 | 20251118135809 |
| 007 | cr ||||||||||| |
| 008 | 170711c20179999oncar p o f0 a0eng| |
| 022 | |a2560-9440 |
| 040 | |aCaOODSP|beng |
| 043 | |an-cn--- |
| 086 | 1 |aJ1-21E-PDF |
| 110 | 1 |aCanada. |bDepartment of Justice. |
| 222 | 0|aDepartmental results report |b(Canada. Department of Justice) |
| 245 | 10|aDepartmental results report |h[electronic resource] / |cDepartment of Justice Canada. |
| 260 | |a[Ottawa] : |bDepartment of Justice Canada, |cc2017- |
| 310 | |aAnnual |
| 362 | 1 |aBegan with 2016/17. |
| 500 | |aIssued also in French under title: Rapport sur les résultats ministériels. |
| 692 | 07|2gccst|aPerformance assessment |
| 692 | 07|2gccst|aJustice system |
| 775 | 08|tRapport sur les résultats ministériels |w(CaOODSP)9.839447 |
| 780 | 00|tDepartmental performance report |w(CaOODSP)9.506532 |